Использование Microsoft Windows 2000 Professional: Специальное издание; пер. с англ.; учебное пособие

Bibliografiske detaljer
Hovedforfatter: Коварт Р. Роберт
Andre forfattere: Книттель Б. Брайан
Sprog:russisk
Udgivet: Москва, Вильямс, 2000
Fag:
Format: Ukendt
KOHA link:https://koha.lib.tpu.ru/cgi-bin/koha/opac-detail.pl?biblionumber=29328

MARC

LEADER 00000nmm0a2200000 4500
001 29328
005 20231030203313.0
010 |a 5845901219 
035 |a (RuTPU)RU\TPU\book\29588 
035 |a BOOK00000047 
090 |a 29328 
100 |a 20011209d2000 m y0rusy50 ca 
101 1 |a rus  |c eng 
102 |a RU 
105 |a a j 001zy 
200 1 |a Использование Microsoft Windows 2000 Professional  |e Специальное издание; пер. с англ.; учебное пособие  |f Р. Коварт, Б. Книттель 
210 |a Москва  |c Вильямс  |d 2000 
215 |a 911 с.  |c ил.  |e Прил.: CD-ROM 
320 |a Предм. указ.: с. 899-911. 
610 1 |a программирование 
610 1 |a операционные системы 
610 1 |a Windows 2000 
610 1 |a использование 
610 1 |a учебные пособия 
610 1 |a CD-ROM 
675 |a 681.3.066(07)  |v 3 
700 1 |a Коварт  |b Р.  |g Роберт 
701 1 |a Книттель  |b Б.  |g Брайан 
801 0 |a RU  |b 63413507  |c 20011209  |g PSBO 
801 2 |a RU  |b 63413507  |c 20020624  |g PSBO 
942 |c MX